Informe final del I Seminario Regional sobre Indicadores Socio-económicos /
Guardat en:
| Autor corporatiu: | , , |
|---|---|
| Format: | Text |
| Publicat: |
San José:
Red de sistemas Educativos para el Desarrollo en Centroamérica y Panamá
|
| Etiquetes: |
Afegir etiqueta
Sense etiquetes, Sigues el primer a etiquetar aquest registre!
|
MARC
| LEADER | 00000 a a2200000 04500 | ||
|---|---|---|---|
| 001 | 16338 | ||
| 003 | |||
| 040 | |||
| 090 | |a 013700 | ||
| 110 | |a Costa Rica. Ministerio de Educación Pública | ||
| 245 | |a Informe final del I Seminario Regional sobre Indicadores Socio-económicos / |c Costa Rica. Ministerio de Educación Pública | ||
| 260 | |a San José: |b Red de sistemas Educativos para el Desarrollo en Centroamérica y Panamá | ||
| 300 | |a 217 p. | ||
| 710 | |a Coordinación Educativa Centroamericana | ||
| 710 | |a Costa Rica. Oficina de Planificación Nacional y Política Económica | ||
| 999 | |c 10437 |d 10437 | ||
